000 00383nam a2200145Ia 4500
008 211109s9999||||xx |||||||||||||| ||und||
082 _a291
_bCAR-C
100 _aCarpenter, J Estlin
245 0 _aComparative Religion
260 _bNATIONAL BOOKSTALL
_aKottayam
_c1900
300 _a215p.
630 _xGeneral Stack
650 _aReligion
_vStudy of religions
_xReligion
942 _cBOOK
999 _c910
_d910